The Mind of the Organization / Revised Edition (Record no. 3343)
[ view plain ]
| 000 -LEADER | |
|---|---|
| fixed length control field | 01910cam a22002174a 4500 |
| 005 - ΗΜΕΡΟΜΗΝΙΑ ΚΑΙ ΩΡΑ ΤΕΛΕΥΤΑΙΑΣ ΕΝΗΜΕΡΩΣΗΣ | |
| Πεδίο ελέγχου | 20250605164112.0 |
| 008 - FIXED-LENGTH DATA ELEMENTS--GENERAL INFORMATION | |
| Πεδίο ελέγχου σταθερού μήκους | 250528s ||||||||||||||||||||||||d |
| 035 ## - SYSTEM CONTROL NUMBER | |
| System control number | 17949 |
| 020 ## - ISBN | |
| ISBN | 60149639 |
| 040 ## - ΠΗΓΗ ΚΑΤΑΛΟΓΟΓΡΑΦΗΣΗΣ | |
| Φορέας πρωτότυπης καταλογογράφησης | MC Athens Campus Library |
| Γλώσσα καταλογογράφησης | Ελληνικά, Μοντέρνα (1453-) |
| Modifying agency | MC Athens Campus Library |
| Κανόνες περιγραφικής καταλογογράφησης | AACR2 |
| 245 1# - ΤΙΤΛΟΣ ΚΑΙ ΔΗΛΩΣΗ ΥΠΕΥΘΥΝΟΤΗΤΑΣ | |
| Τίτλος | The Mind of the Organization / Revised Edition |
| 260 ## - PUBLICATION, DISTRIBUTION, ETC. | |
| Name of publisher, distributor, etc. | Harper & Row Publishers, |
| Date of publication, distribution, etc. | 1982 |
| 300 ## - PHYSICAL DESCRIPTION | |
| Extent | 150 |
| 505 0# - FORMATTED CONTENTS NOTE | |
| Formatted contents note | Preface, Introduction: A View from Japan, The Increasing Importance of Organizational Thinking, The Decision-Thinking Function of the Human Mind, Individual Decision-Making and the Mind's Four-Stage Thinking Process, The Neglect of the Mind's Thinking Process, The Mind of the Organization and the Decision-Thinking Process, A Systems Approach to the Problems of Organized Complexity and the Responsibilies of an Organization's Mind, Major Barriers to the Effective Functioning of the Organization's Mind, Dismantling the Barriers: A Question of Management Attitude, Operational Procedures for Improving the Effectiveness of the Organization's Mind, Conclusion, Appendices, Ackwoledgements. |
| 520 ## - SUMMARY, ETC. | |
| Summary, etc. | Preface, Introduction: A View from Japan, The Increasing Importance of Organizational Thinking, The Decision-Thinking Function of the Human Mind, Individual Decision-Making and the Mind's Four-Stage Thinking Process, The Neglect of the Mind's Thinking Process, The Mind of the Organization and the Decision-Thinking Process, A Systems Approach to the Problems of Organized Complexity and the Responsibilies of an Organization's Mind, Major Barriers to the Effective Functioning of the Organization's Mind, Dismantling the Barriers: A Question of Management Attitude, Operational Procedures for Improving the Effectiveness of the Organization's Mind, Conclusion, Appendices, Ackwoledgements. |
| 700 1# - ΠΡΟΣΘΕΤΗ ΑΝΑΓΡΑΦΗ--ΦΥΣΙΚΟ ΠΡΟΣΩΠΟ | |
| Personal name | Heirs Ben |
| 9 (RLIN) | 4243 |
| 700 1# - ΠΡΟΣΘΕΤΗ ΑΝΑΓΡΑΦΗ--ΦΥΣΙΚΟ ΠΡΟΣΩΠΟ | |
| Personal name | Pehrson Gordon |
| 9 (RLIN) | 4244 |
| 942 ## - ADDED ENTRY ELEMENTS (KOHA) | |
| Koha item type | Books |
| Τύπος τεκμηρίου | Βιβλιοθήκη | Τρέχουσα τοποθεσία | Barcode | Αριθμός εισαγωγής | Ημερομηνία απόκτησης | Ταξιθετικό σύμβολο | Αριθμός αντιτύπου | Κατάσταση απόσυρσης | Κατάσταση χαμένου | Κατάσταση κατεστραμμένου | Μη δανεισμός | Σύνολο δανεισμών | Ημερομηνία τελευταίας εμφάνισης | Η τιμή ισχύει από |
|---|---|---|---|---|---|---|---|---|---|---|---|---|---|---|
| Books | MC Athens Campus Library | MC Athens Campus Library | 9780000033420 | 1721 | 05/06/2025 | 658.4/03 HEI | 1 | 05/06/2025 | 05/06/2025 |